අධ්‍යයන පොදු සහතික පත්‍ර ( සාමාන්‍ය පෙළ ) විභාගය : ගණිතය 2015 - 2024/ නිපුණ ප්‍රකාශකයෝ

Saved in:
Bibliographic Details
Corporate Author: නිපුණ ප්‍රකාශකයෝ
Format: Book
Language:Sinhalese
Published: රාජගිරිය: නිපුණ ප්‍රකාශකයෝ,
Subjects:
Tags: Add Tag
No Tags, Be the first to tag this record!

MARC

LEADER 00000nam a22000007a 4500
008 260119b |||||||| |||| 00| 0 sin d
041 |h sin 
082 |a 510 
110 |a නිපුණ ප්‍රකාශකයෝ 
245 |a  අධ්‍යයන පොදු සහතික පත්‍ර ( සාමාන්‍ය පෙළ ) විභාගය : ගණිතය 2015 - 2024/ නිපුණ ප්‍රකාශකයෝ 
260 |a රාජගිරිය:  |b නිපුණ ප්‍රකාශකයෝ, 
300 |a පි. 132;  |c සෙ.මී. 28 
650 |a ගණිතය 
942 |c BK 
999 |c 32730  |d 32730